00339nam a2200133Ia 4500008004100000020001500041041001200056082001600068100001600084245005200100260003800152300000800190650000700198221030s9999 xx 000 0 und d a8125903623 aEnglish a105.23bAna aM. L. Anand 2aA Text Book of Electrical Powercby M. L. Anand bVikas Pub House.aNew Delhic2000 a208 aEE